Pociąg regio S3 Katowice-Kraków Płaszów - Statystyki

Ogólne statystyki
  • Ten quiz został rozwiązany 54 razy
  • Średni wynik to 16 z 24
Statystyki odpowiedzi
Województwo Stacja % Poprawnych
Śląskie Katowice
100%
Małopolskie Kraków Główny
97%
Małopolskie Kraków Płaszów
97%
Małopolskie Krzeszowice
92%
Śląskie Mysłowice
89%
Małopolskie Trzebinia
89%
Śląskie Jaworzno Szczakowa
84%
Śląskie Katowice Szopienice Południowe
79%
Śląskie Katowice Zawodzie
76%
Małopolskie Kraków Grzegórzki
74%
Małopolskie Kraków Bronowice
71%
Małopolskie Kraków Mydlniki
68%
Małopolskie Zabierzów
68%
Małopolskie Balin
58%
Śląskie Jaworzno Ciężkowice
58%
Małopolskie Kraków Mydlniki Wapiennik
58%
Małopolskie Kraków Zabłocie
58%
Małopolskie Dulowa
55%
Małopolskie Kraków Łobzów
55%
Śląskie Sosnowiec Jęzor Południowy
53%
Małopolskie Wola Filipowska
50%
Małopolskie Zabierzów Rząska
47%
Małopolskie Rudawa
34%
Małopolskie Pisary
32%
Nie znaleziono quizów pasujących do podanych kryteriów
Rozkład punktacji
Procent ludzi z każdym wynikiem
Percentyl według liczby udzielonych odpowiedzi
Twoja historia wyników
Nie rozwiązałeś tego quizu